000 00227nam a2200085Ia 4500
008 211105s9999 xx 000 0 und d
020 _a"
100 _aKIELBLOCK, Karl ** Pretoria, 1987
_9128636
245 0 _aMoord op Alles Verloren
999 _c604355
_d604354